Wird geladen...
Management of financial market after globalisation /
| Weitere Verfasser: | |
|---|---|
| Format: | Printed Book |
| Veröffentlicht: |
New Delhi:
Discovery,
2010.
|
| Schlagworte: |
| LEADER | 00553cam a2200169ua 4500 | ||
|---|---|---|---|
| 008 | 110416t2010||||||||||| 00 ||||| c | ||
| 082 | |a 658.152 |b MIS/M | ||
| 245 | 0 | 0 | |a Management of financial market after globalisation / |
| 260 | |a New Delhi: |b Discovery, |c 2010. | ||
| 300 | |a 155p.. | ||
| 362 | 1 | |a 2010. | |
| 650 | |a Financial markets-Management | ||
| 650 | 0 | |a Management | |
| 700 | 0 | 2 | |a R.N.Misra, |
| 942 | |c BK | ||
| 999 | |c 25419 |d 25419 | ||
| 952 | |0 0 |1 0 |4 0 |6 658_152000000000000_MIS |7 0 |9 27065 |a KUCL |b KUCL |d 2014-05-23 |l 0 |o 658.152 MIS/ |p 26008 |r 2014-05-23 |w 2014-05-23 |y BK | ||